| 000 | 00339cam a22000977a 4500 | ||
|---|---|---|---|
| 008 | 180718b1988 xxu||||| |||| 00| 0 eng d | ||
| 100 | _aSkousen, Mark | ||
| 245 |
_aWhat every investor should know about Austrian economics and the hard-money movement _cby Mark Skousen |
||
| 260 |
_aAuburn _bThe Ludwig von Mises Institute _c1988 |
||
| 300 | _a33p. | ||
| 999 |
_c380220 _d380220 |
||